000 00524nam a2200193Ia 4500
008 151119s9999||||xx |||||||||||||| ||und||
082 _a891.463
082 _bGKKV23673
100 _aमहाजन भास्कर
245 _aइच्छाधारी
260 _a--
260 _b--
260 _c0
600 _aमहाजन भास्कर
630 _aइच्छाधारी
700 _aमहाजन भास्कर
730 _aइच्छाधारी
942 _cBOOK
999 _c1076306
_d1076303